| 000 | 01018nam a2200277Ia 4500 | ||
|---|---|---|---|
| 003 | OSt | ||
| 005 | 20221005102821.0 | ||
| 006 | a|||||r|||| 00| 0 | ||
| 007 | ta | ||
| 008 | 221004b |||||||| |||| 00| 0 hin d | ||
| 020 |
_a9789350701348 (hbk) _c995 |
||
| 024 | _a23956 | ||
| 037 |
_b60, 30/12/2015, Mallika Books _cTextual |
||
| 040 |
_aCRL _cCRL _bhin |
||
| 041 |
_2hin _ahin |
||
| 082 | _aO152,1:g, Q4.2 | ||
| 100 | _aपटेल, उत्तम | ||
| 245 | 0 | _aहिन्दी के प्रमुख कवि और उनका काव्य. भाग 2 | |
| 246 | _aHindī ke pramukh kavi aur unakā kāvya. Bhāg 2 | ||
| 260 |
_aअहमदाबाद _bशान्ति प्रकाशन भारत _c2014 |
||
| 300 |
_a288पृ0 _ccm. |
||
| 490 | _vभाग 2 | ||
| 650 | _aहिन्दी साहित्य | ||
| 942 |
_hO152,1:g, Q4.2 _cTEXL _2cc |
||
| 999 |
_c1008992 _d1008992 |
||